| 000 | 01044nam a2200241 a 4500 | ||
|---|---|---|---|
| 001 | 38324 | ||
| 003 | BD-RjUL | ||
| 005 | 20211209052755.0 | ||
| 008 | 151104s1997 ii a|||| b||| 00| 0 ben d | ||
| 020 | _a8185252556 | ||
| 035 | _a(BD-RjUL)38429 | ||
| 040 |
_aBD-RjUL _bben _cBD-RjUL |
||
| 041 | _aben | ||
| 082 |
_a792.025 _bMIT 1997 |
||
| 100 |
_aমিত্র, রঞ্জিতকুমার _9118448 |
||
| 245 | 1 | 0 |
_aথিয়েটারে আলো তত্ত্ব ও প্রয়োগ / _cরঞ্জিতকুমার মিত্র |
| 260 |
_aকলিকাতা : _bবেস্টবুকস্, _c১৯৯৭ |
||
| 300 |
_a[১৬] ৪৩৬ পৃ. : _bচিত্র ; _c২২ সেমি. |
||
| 504 | _aগ্রন্থপঞ্জি সংযুক্ত | ||
| 650 |
_aপ্রেক্ষাগৃহ _xমঞ্চ - সেটিং এবং দৃশ্যাবলী _xইতিহাস _9118449 |
||
| 650 |
_aTheaters _xStage-setting and scenery _xHistory. _9118450 |
||
| 942 |
_2ddc _cBK |
||
| 999 |
_c38324 _d38324 |
||